| 000 | 00380nam a22001697a 4500 | ||
|---|---|---|---|
| 003 | CEME | ||
| 005 | 20210628203106.0 | ||
| 008 | 210120b xxu||||| |||| 00| 0 eng d | ||
| 040 | _c. | ||
| 082 | _a297.7 AME | ||
| 100 |
_aAmin, R _963269 |
||
| 245 | _aHam kun hain | ||
| 260 |
_aLAHORE _bPDF _c2001 |
||
| 300 | _a197P | ||
| 650 |
_aISLAMIC TEACHING. _963270 |
||
| 942 |
_cBK _2ddc |
||
| 999 |
_c572143 _d572143 |
||